000 00322nam a2200145Ia 4500
100 _aKuchhal/ S.C.
942 _cBK
654 _aFinancial management
245 _aFinancial management
260 _bChaitaeya pub. house
_aAllahabad
_c1985
082 _a658.1
_bKuc
300 _a562
546 _aENGLISH
999 _c28953
_d28953